000 00608cam a2200217 04500
001 45238
021 _b14064/86
090 _a45238
100 _a19870714d1987 da y0pory5003 ba
101 1 _apor
102 _aPT
200 1 _aO pequeno lorde
_fFrances Burnett
_gil. Joäo Pedro Cochofel
210 9 _aLisboa
_cCírculo de Leitores,
_dD.L. 1987
215 _a192 p.
_cil.
_d18 cm
675 _a087.5
_vBN
_zpor
675 _a821.111-93"18/19"
_vBN
_zpor
675 _a821.111-31"18/19"
_vBN
_zpor
700 1 _aBurnett,
_bFrances,
_f1849-1924
702 1 _aCochofel,
_bJoão Pedro
_4440
801 0 _aPT
_bBN
_gRPC
990 _cLIVROS